ბათუმის შოთა რუსთაველის სახელმწიფო უნივერსიტეტის ბიბლიოთეკა

რწმენის კედელი. ლირიკული პოემები. (ბიბ.ჩანაწერი № 36670)

000 -LEADER
fixed length control field 00628nam a2200205Ia 4500
001 - CONTROL NUMBER
control field 2597
003 - CONTROL NUMBER IDENTIFIER
control field GE_BSU
008 - FIXED-LENGTH DATA ELEMENTS--GENERAL INFORMATION
fixed length control field 181216s||||||||xx |||||||||||||| ||und||
040 ## - CATALOGING SOURCE
Transcribing agency GE_BSU
080 ## - UNIVERSAL DECIMAL CLASSIFICATION NUMBER
Universal Decimal Classification number 821.353.1
100 ## - MAIN ENTRY--PERSONAL NAME
Personal name ჩარკვიანი, ჯანსუღ
245 ## - TITLE STATEMENT
Title რწმენის კედელი. ლირიკული პოემები.
260 ## - PUBLICATION, DISTRIBUTION, ETC.
Place of publication, distribution, etc. თბილისი
260 ## - PUBLICATION, DISTRIBUTION, ETC.
Name of publisher, distributor, etc. საბჭოთა საქართველო
260 ## - PUBLICATION, DISTRIBUTION, ETC.
Date of publication, distribution, etc. 1983
300 ## - PHYSICAL DESCRIPTION
Extent 361 გვ
653 ## - INDEX TERM--UNCONTROLLED
Uncontrolled term ლირიკული პოემები
942 ## - ADDED ENTRY ELEMENTS (KOHA)
Koha item type წიგნი
ეგზემპლარები
Withdrawn status Lost status Damaged status Not for loan Date acquired Barcode Date last seen Price effective from Koha item type
        2018-12-17 944 2018-12-17 2018-12-17 წიგნი